June 26th: Birthdays - Statistics

General Stats
  • This quiz has been taken 9 times
  • The average score is 2 of 8
Answer Stats
Year Clue Answer % Correct
1974 Shortstop for the NYY Derek Jeter
63%
1993 Artist of Problem Ariana Grande
50%
1956 Artist of Wicked Game Chris Isaak
38%
1824 1st Baron Kelvin William Thomson
13%
1730 French astronomer Charles Messier
0%
1970 Actor in School Ties Chris O'Donnell
0%
1895 1st goaltender to record 20 shutouts in a season George Hainsworth
0%
1854 Prime Minister of Canada Robert Borden
0%
No matching quizzes found
Score Distribution
Percent of People with Each Score
Percentile by Number Answered
Your Score History
You have not taken this quiz